Los delitos relativos a la propiedad intelectual, propiedad industrial, al mercado y a los consumidores

Detalles Bibliográficos
Autor principal: Moura e Moura, Manuela da Conceiȯ̂
Formato: eBook
Lenguaje:español
Publicado: Madrid: Factum Libri Ediciones, 2021
Materias:
Acceso en línea:Acceso restringido

MARC

LEADER 00000nam a22000007a 4500
005 20210803233945.0
007 cr|||| ||||
008 210803s2021 es |||||s|||| 00||0 spa d
020 |a 978-84-09-28174-9 
035 |a 35062 
040 |a vLex 
090 |c 11889  |d 11889 
100 1 |a Moura e Moura, Manuela da Conceiȯ̂ 
245 1 3 |a Los delitos relativos a la propiedad intelectual, propiedad industrial, al mercado y a los consumidores  |h [Recurso electrn̤ico] /  |c Manuela da Conceiȯ̂ Moura e Moura 
256 |a Servicio en ln̕ea 
260 |a Madrid:  |b Factum Libri Ediciones,  |c 2021 
300 |a 1 recurso electrn̤ico 
506 1 |a Disponible solo en los productos indicados  |d vLex Global  |d vLex Global (Academic Edition, excluding Law Schools)  |d vLex Global (U.S. Academic Edition, Law Schools)  |d vLex Global (U.S. Academic Edition, excluding Law Schools)  |d vLex Global (Academic Edition, Law Schools) 
650 0 4 |a Propiedad Industrial  |z Espaą 
650 0 4 |a Propiedad Intelectual  |z Espaą 
650 0 4 |a Derecho Penal  |z Espaą 
740 0 |a vLex Libros (Servicio en ln̕ea) 
856 4 0 |u https://app.vlex.com/#/sources/35062  |z Acceso restringido 
942 |c BOOK 
999 0 |a Industrial Property 
999 0 |a Intellectual Property 
999 0 |a Criminal Law